Wszyscy zdobywcy nagrody piłkarza roku w Anglii. - Statystyki

Ogólne statystyki
  • Ten quiz został rozwiązany 98 razy
  • Średni wynik to 22 z 47
Statystyki odpowiedzi
Rok Narodowość Klub Piłkarz % Poprawnych
2006-2007 Portugalia Manchester United Ronaldo
97%
2007-2008 Portugalia Manchester United Ronaldo
97%
2017-2018 Egipt Liverpool Salah
96%
2010-2011 Walia Tottenham Bale
95%
2012-2013 Walia Tottenham Bale
95%
2013-2014 Urugwaj Liverpool Suarez
93%
2018-2019 Holandia Liverpool van Dijk
92%
2019-2020 Belgia Manchester City De Bruyne
91%
2002-2003 Francja Arsenal Henry
91%
2003-2004 Francja Arsenal Henry
91%
2016-2017 Francja Chelsea Kante
90%
2008-2009 Walia Manchester United Giggs
89%
2014-2015 Belgia Chelsea Hazard
88%
2009-2010 Anglia Manchester United Rooney
88%
2015-2016 Algieria Leicester Mahrez
86%
2005-2006 Anglia Liverpool Gerrard
83%
2011-2012 Holandia Arsenal van Persie
79%
1994-1995 Anglia Blackburn Shearer
74%
1996-1997 Anglia Newcastle Shearer
74%
1999-2000 Irlandia Manchester United Keane
64%
2004-2005 Anglia Chelsea Terry
60%
1983-1984 Walia Liverpool Rush
51%
1997-1998 Holandia Arsenal Bergkamp
49%
1993-1994 Francja Manchester United Cantona
48%
2001-2002 Holandia Manchester United van Nistelrooy
48%
1982-1983 Szkocja Liverpool Dalglish
40%
1995-1996 Anglia Newcastle Ferdinand
40%
1985-1986 Anglia Everton Lineker
29%
2000-2001 Anglia Manchester United Sheringham
23%
1981-1982 Anglia Southampton Keegan
13%
1988-1989 Walia Manchester United Hughes
9%
1990-1991 Walia Manchester United Hughes
9%
1987-1988 Anglia Liverpool Barnes
7%
1998-1999 Francja Tottenham Ginola
5%
1977-1978 Anglia Nottingham Forest Shilton
3%
1986-1987 Anglia Tottenham Allen
1%
1978-1979 Irlandia Arsenal Brady
1%
1976-1977 Szkocja Aston Villa Gray
1%
1992-1993 Irlandia Aston Villa McGrath
1%
1991-1992 Anglia Manchester United Pallister
1%
1989-1990 Anglia Aston Villa Platt
1%
1973-1974 Anglia Leeds Hunter
0%
1975-1976 Anglia Tottenham Jennings
0%
1979-1980 Anglia Liverpool McDermott
0%
1984-1985 Anglia Everton Reid
0%
1974-1975 Anglia Derby Todd
0%
1980-1981 Szkocja Ipswich Town Wark
0%
Nie znaleziono quizów pasujących do podanych kryteriów
Rozkład punktacji
Procent ludzi z każdym wynikiem
Percentyl według liczby udzielonych odpowiedzi
Twoja historia wyników
Nie rozwiązałeś tego quizu